Hacienda Pública/ (Registro nro. 8424)
[ vista simple ]
| 000 -LEADER | |
|---|---|
| fixed length control field | 01919nam a2200217Ia 4500 |
| 005 - FECHA Y HORA DE LA ÚLTIMA TRANSACCIÓN | |
| control field | 20230710170121.0 |
| 008 - FIXED-LENGTH DATA ELEMENTS--GENERAL INFORMATION | |
| fixed length control field | 230621s9999 xx 000 0 und d |
| 020 ## - INTERNATIONAL STANDARD BOOK NUMBER | |
| International Standard Book Number | 8448128427 |
| 040 ## - CATALOGING SOURCE | |
| Original cataloging agency | UPAN |
| Transcribing agency | Biblioteca San Vicente |
| Description conventions | RCAA2 |
| 041 ## - LANGUAGE CODE | |
| Language code of text/sound track or separate title | spa |
| 082 ## - DEWEY DECIMAL CLASSIFICATION NUMBER | |
| Classification number | 351 |
| Item number | R674h |
| año de publicación | 2002 |
| 100 ## - MAIN ENTRY--PERSONAL NAME | |
| Personal name | Rosen, Harvey S. |
| Relator code | aut. |
| 245 #0 - TITLE STATEMENT | |
| Title | Hacienda Pública/ |
| Statement of responsibility, etc | Harvey S. Rosen; Jesús Ruiz-Huerta |
| 250 ## - EDITION STATEMENT | |
| Edition statement | 5° ed. |
| 260 ## - PUBLICATION, DISTRIBUTION, ETC. (IMPRINT) | |
| Place of publication, distribution, etc | España: |
| Name of publisher, distributor, etc | McGraw Hill, |
| Date of publication, distribution, etc | 2002 |
| 300 ## - PHYSICAL DESCRIPTION | |
| Extent | 556 p.; |
| Dimensions | 25 cm. |
| 505 ## - FORMATTED CONTENTS NOTE | |
| Formatted contents note | Parte 1: Introducción<br/>Capitulo 1: Hacienda publica y actitudes con respecto al Estado<br/>Parte 2:Una primera aproximación al sector publico<br/>Capitulo 3: Las herramientas de hacienda pública<br/>Capitulo 4: Las herramientas de análisis normativo<br/>Parte 3: El análisis del gasto publico<br/>Capitulo 5: Bienes públicos <br/>Capitulo 6: Externalidades<br/>Capitulo 7: teoría económica de la política<br/>Capitulo 8: Redistribución de la renta: aspectos conceptuales<br/>Capitulo 9: programas de gasto para combatir la pobreza <br/>Capitulo 10: Seguros sociales I: La seguridad social y el seguro de desempleo<br/>Capitulo 11: Seguros sociales II: Sanidad<br/>Capitulo 12: El análisis coste-beneficio<br/>Parte 4: un marco conceptual para el análisis impositivo <br/>Capitulo 13: Imposición y distribución de la renta<br/>Capitulo 14: Imposición y eficiencia <br/>Capitulo 15: Imposición eficiente y equitativa<br/>Parte 5: El sistema de ingresos públicos de los Estados Unidos<br/>Capitulo 16: El impuesto personal sobre la renta<br/>Capitulo 17: La imposición personal y el comportamiento<br/>Capitulo 18: El impuesto de sociedades<br/>Capitulo 19: La financiación a través del déficit<br/>Capitulo 20: Los impuestos sobre el consumo y la riqueza <br/>Parte 6: Hacienda publica multijurisdiccional <br/>Capitulo 21: La hacienda publica en un sistema federal |
| 650 ## - SUBJECT ADDED ENTRY--TOPICAL TERM | |
| Source of heading or term | LEMB |
| General subdivision | Hacienda Pública |
| 700 ## - ADDED ENTRY--PERSONAL NAME | |
| Personal name | Ruiz - Huerta, Jesús |
| Relator code | tr. |
| 942 ## - ADDED ENTRY ELEMENTS (KOHA) | |
| Koha item type | Libros |
| Source of classification or shelving scheme | Dewey Decimal Classification |
| Withdrawn status | Lost status | Source of classification or shelving scheme | Damaged status | Not for loan | Collection code | Home library | Current library | Date acquired | Total Checkouts | Full call number | Barcode | Date last seen | Copy number | Price effective from | Koha item type |
|---|---|---|---|---|---|---|---|---|---|---|---|---|---|---|---|
| Dewey Decimal Classification | Colección General | Biblioteca UPAN San Vicente | Biblioteca UPAN San Vicente | 22/06/2023 | 351 R674h | 12001135 | 22/06/2023 | 01 | 22/06/2023 | Libros |